| 000 | 00469nam a22001817a 4500 | ||
|---|---|---|---|
| 003 | MPLRDC | ||
| 005 | 20220104143117.0 | ||
| 008 | 210129b ||||| |||| 00| 0 eng d | ||
| 020 | _a978-983-2036-29-6 | ||
| 082 | _a293.25 YY-2 | ||
| 100 | _a雨扬居士 | ||
| 245 |
_a2011辛卯年开运大预言 _c |
||
| 250 | _a初版 | ||
| 260 |
_a马来西亚 _b城邦(马新)出版集团 _c2010 |
||
| 300 | _b144 | ||
| 650 | _a相书--生肖 | ||
| 942 |
_cBK _o293.25 YY-2 |
||
| 999 |
_c36728 _d36718 |
||